Report on the lands of the arid region of the United Sts, with a more detailed account of the lands of Utah with maps /

Bibliographic Details
Main Author: Powell, John Wesley, 1834-1902
Corporate Author: Geographical and Geological Survey of the Rocky Mountain Region (U.S.)
Format: Book
Language:English
Published: Harvard, Mass. : Harvard Common Press, 1983.
Edition:Facsimile of the 1879 ed., with a new introd. /
Subjects:

MARC

Tag First Indicator Second Indicator Subfields
LEADER 00000pam a2200000 a 4500
001 in00000760881
005 20240805154935.0
008 820924r1983 mauabf b 001 0 eng
010 |a  82015832  
020 |a 091678228X (pbk.) :  |c $9.95 
035 |a (OCoLC)08846569 
035 |9 ADK5975AM 
039 0 |a 2  |b 3  |c 3  |d 3  |e 3 
040 |a DLC  |c DLC  |d TXA  |d UtOrBLW 
043 |a n-us---  |a n-usp--  |a n-us-ut 
049 |a TXAM  |c [1274293] 
050 0 0 |a HD1671 U5  |b P68 1879a 
090 |a HD1671.U5  |b P68 1879a 
100 1 |a Powell, John Wesley,  |d 1834-1902. 
245 1 0 |a Report on the lands of the arid region of the United Sts, with a more detailed account of the lands of Utah with maps /  |c by J.W. Powell. 
250 |a Facsimile of the 1879 ed., with a new introd. /  |b by T.H. Watkins. 
264 1 |a Harvard, Mass. :  |b Harvard Common Press,  |c 1983. 
300 |a xx, 195 pages, 5 unnumbered pages of plates :  |b illustrations, maps ;  |c 26 cm. 
336 |a text  |b txt  |2 rdacontent 
337 |a unmediated  |b n  |2 rdamedia 
338 |a volume  |b nc  |2 rdacarrier 
500 |a One of the reports of the U.S. Geographical and Geological Survey of the Rocky Mountain Region. 
500 |a Reprint. Originally published : 2nd edition Washington : G.P.O., 1879. 
500 |a Cover title: Lands of the arid region of the United States. 
500 |a Includes index. 
505 0 |a Physical characteristics of the arid region -- The land-system needed for the arid region -- The rainfall of the western portion of the United States -- Water supply / by G.K. Gilbert -- Certain important questions relating to irrigable lands -- The lands of Utah -- Irrigable lands of the Salt Lake drainage system / by G.K. Gilbert -- Irrigable lands of the Sevier river / by C.E. Dutton -- Utah drained by the Colorado River and its tributaries / by A.H. Thompson -- Land grants in aid of internal improvements / by Willis Drummond, Jr. 
650 0 |a Arid regions  |z United States. 
650 0 |a Arid regions  |z West (U.S.) 
650 0 |a Arid regions  |z Utah. 
650 0 |a Public lands  |z United States. 
651 0 |a West (U.S.)  |x Public lands. 
651 0 |a Utah  |x Public lands. 
710 2 |a Geographical and Geological Survey of the Rocky Mountain Region (U.S.) 
740 0 |a Lands of the arid region of the United States, with a more detailed account of the lands of Utah. 
999 |a MARS 
999 f f |s 1a3d8d62-9f84-35b8-8d85-fd2e46e46bab  |i 66880ef3-bf40-3729-87ac-ba08f433e8f6  |t 0 
952 f f |p ric  |a Texas A&M University  |b Rellis Campus  |c Joint Library Facility  |d Remote Storage  |t 0  |e HD1671.U5 P68 1879a  |h Library of Congress classification  |i unmediated -- volume  |m A14807513297 
998 f f |a HD1671.U5 P68 1879a  |t 0  |l Remote Storage